Oxford textbook of medical education (Registro nro. 302473)
[ vista simple ]
| 000 -ENCABEZADO | |
|---|---|
| Número de control [NR] | 01746cam a2200265 i 4500 |
| 001 - NÚMERO DE CONTROL | |
| control field | ocn880685362 |
| 005 - FECHA Y HORA DE LA ÚLTIMA TRANSACCIÓN | |
| control field | 20180601164027.0 |
| 008 - DE LONGITUD FIJA DE DATOS DE ELEMENTOS - INFORMACIÓN GENERAL | |
| Elementos de longitud fija [NR] | 130625s2013 enkac frb 001 0 eng d |
| 020 ## - NUMERO INTERNACIONAL NORMALIZADO PARA LIBROS [R] | |
| Número Internacional Normalizado del libro [NR] | 0199652678 |
| 035 ## - NUMERO DE CONTROL DEL SISTEMA [R] | |
| Número de control del sistema [NR] | (OCoLC)880685362 |
| Numero Cancelado/no válido [R] | (OCoLC)850177963 |
| -- | (OCoLC)877675922 |
| 040 ## - FUENTE DE CATALOGACION [NR] | |
| Agencia de catalogación original [NR] | Co-BoUCM |
| Idioma de catalogación [NR] | spa |
| Quien Cataloga | Saul Niño |
| Quien Clasifica | Saul Niño |
| 041 0# - CODIGO DE IDIOMA [R] | |
| Código de idioma para texto/pista de sonido o título separado [R] | Inglés |
| 060 10 - SIGNATURA TOPOGRAFICA DE LA BIBLIOTECA NACIONAL DE MEDICINA (NLM) [R] | |
| Número clasificador [R] | W18 |
| 245 00 - MENCION DE TITULO [NR] | |
| Título [NR] | Oxford textbook of medical education |
| Mención de responsabilidad, etc. [NR] | edited by Kieran Walsh |
| 260 ## - PUBLICACION, DISTRIBUCION, ETC. (PIE DE IMPRENTA) [R] | |
| Lugar de publicación, distribución, etc. [R] | Oxford (Inglaterra) |
| Nombre del editor, distribuidor, etc. [R] | Oxford University Press |
| Fecha de publicación, distribución, etc. [R] | 2013 |
| 300 ## - DESCRIPCION FISICA [R] | |
| Extensión [R] | xxvii, 746 páginas |
| Otros detalles físicos [NR] | ilustraciones, retratos |
| 520 ## - NOTA DE RESUMEN, ETC. [R] | |
| Nota de sumario, etc. [NR] | Providing a comprehensive and evidence-based reference guide for those who have a strong and scholarly interest in medical education, the Oxford Textbook of Medical Education contains everything the medical educator needs to know in order to deliver the knowledge, skills, and behaviour that doctors need. The book explicitly states what constitutes best practice and gives an account of the evidence base that corroborates this. Describing the theoretical educational principles that lay the foundations of best practice in medical education, the book gives readers a through grounding in all aspects of this discipline. Contributors to this book come from a variety of different backgrounds, disciplines and locations, producing a book that is truly original and international.--Publisher. |
| 546 ## - NOTA DE IDIOMA [R] | |
| Nota de idioma [NR] | Texto en ingles |
| 650 #7 - ASIENTO SECUNDARIO DE MATERIA - TERMINO TEMATICO [R] | |
| Término temático o nombre geográfico como elemento de entrada [NR] | Educación médica |
| 9 (RLIN) | 13840 |
| Subdivisión de forma [R] | Guías |
| Subdivisión general [R] | Estudio y enseñanza |
| 650 #7 - ASIENTO SECUNDARIO DE MATERIA - TERMINO TEMATICO [R] | |
| Término temático o nombre geográfico como elemento de entrada [NR] | Medicina alternativa |
| 9 (RLIN) | 19129 |
| Subdivisión de forma [R] | Guías |
| 650 #7 - ASIENTO SECUNDARIO DE MATERIA - TERMINO TEMATICO [R] | |
| Término temático o nombre geográfico como elemento de entrada [NR] | Médicos |
| 9 (RLIN) | 19211 |
| Subdivisión de forma [R] | Guías |
| Subdivisión general [R] | Estudio y enseñanza |
| 690 #0 - ASUNTO AGREGADO LOCAL DE ENTRADA - TÉRMINO TEMÁTICO (OCLC, RLIN) | |
| Acceso temático local | Medicina general |
| 9 (RLIN) | 19160 |
| 700 1# - ASIENTO SECUNDARIO - NOMBRE PERSONAL [R] | |
| Nombre personal [NR] | Walsh, Kieran |
| 9 (RLIN) | 75617 |
| 942 ## - ELEMENTOS DE ENTRADA AGREGADOS (KOHA) | |
| Sistema de clasificación | DEWEY |
| Tema principal | Medicina |
| Tipo de ítem principal el descrito en 300a | Libro de reserva |
| Edición | 1 |
| Clasificación | W 18 |
| Parte restante de la signatura top. | M489me |
| Título oculto en OPAC | No |
| Fecha de último préstamo | Total préstamos | Signatura topográfica | Código de barras | Última vez visto | Ejemplar | Costo de reposición | Price effective from | Tipo de ítem | Perdido | Sistema de clasificación | Dañado | No prestable | Tipo de ítem específico | Suprimido | Ubicación habitual | Ubicación actual | Localización | Fecha de creación | Proveedor | Forma de adquisición | Costo | Total Renewals |
|---|---|---|---|---|---|---|---|---|---|---|---|---|---|---|---|---|---|---|---|---|---|---|
| 09/09/2019 | 4 | W 18 M489me | 200028941 | 12/12/2025 | Ej.2 | 801456.00 | 09/02/2016 | Libro | NLM | Libro | Quinta de Mutis | Quinta de Mutis | 1er piso | 09/02/2016 | 19 | Compra | 801456.00 | |||||
| 05/08/2021 | 1 | W 18 M489me | 200028940 | 12/12/2025 | Ej.1 | 801456.00 | 09/02/2016 | Libro | NLM | Libro | Quinta de Mutis | Quinta de Mutis | 1er piso | 09/02/2016 | 19 | Compra | 801456.00 | 1 |